El Ajuste estructural y los campesinos
Spremljeno u:
| Glavni autor: | |
|---|---|
| Autor kompanije: | |
| Format: | Tekst |
| Izdano: |
Lima:
IEP. Ayuda en Acción
|
| Teme: | |
| Oznake: |
Dodaj oznaku
Bez oznaka, Budi prvi tko označuje ovaj zapis!
|
MARC
| LEADER | 00000 a a2200000 04500 | ||
|---|---|---|---|
| 001 | 27557 | ||
| 003 | |||
| 040 | |||
| 020 | |a 84-89303-54-1 | ||
| 090 | |a 185700 | ||
| 100 | |a González de Olarte, Efraín | ||
| 110 | |a Instituto de Estudios Peruanos | ||
| 245 | |a El Ajuste estructural y los campesinos | ||
| 260 | |a Lima: |b IEP. Ayuda en Acción | ||
| 300 | |a 138 p | ||
| 650 | |a AJUSTE ESTRUCTURAL | ||
| 650 | |a DESARROLLO RURAL | ||
| 650 | |a POLITICA DE AJUSTE | ||
| 650 | |a PROGRAMAS DE AJUSTE | ||
| 650 | |a INGRESOS PUBLICOS | ||
| 650 | |a GASTOS PUBLICOS | ||
| 650 | |a FORMACION DE CAPITAL | ||
| 650 | |a INDICADORES ECONOMICOS | ||
| 650 | |a TAMAÑO DE LA FAMILIA | ||
| 650 | |a USO DE LA TIERRA | ||
| 650 | |a ESTADISTICAS DE PRODUCCION | ||
| 650 | |a BIENES | ||
| 650 | |a INDICADORES DEMOGRAFICOS | ||
| 999 | |c 10999 |d 10999 | ||



